| 000 | 00000nas 2200000za 4500 |
| 001 | 9.500159 |
| 003 | CaOODSP |
| 005 | 20250609144526 |
| 007 | cr ||||||||||| |
| 008 | 150406c2002||||xxc|| m o||||f| |0eng|d |
| 040 | |aCaOODSP|beng |
| 043 | |an-cn--- |
| 086 | 1 |aEn49-2E-PDF|zEn49-2-PDF |
| 110 | 1 |aCanada. |bEnvironment Canada. |bEnvironmental Protection Service. |
| 245 | 10|aReport |h[electronic resource] |
| 246 | 3 |aReport (Canada. Environment Canada) |
| 260 | |aOttawa - Ontario : |bEnvironment Canada. |
| 310 | |aIrregular |
| 362 | 1 |aReport EPS/7/AP |
| 775 | 08|tRapport |w(CaOODSP)9.500160 |
| 776 | 0#|tRapport |w(CaOODSP)9.509279 |